[Event "ch-ROU w 2013"]
[Site "Baile Olanesti ROU"]
[Date "2013.02.16"]
[Round "1.11"]
[White "Nastase,Andreea-Cristina"]
[Black "Gelip,I"]
[Result "0-1"]
[WhiteElo "1651"]
[BlackElo "2017"]

1.d4 Nf6 2.c4 e6 3.Nc3 Bb4 4.Qc2 O-O 5.e4 d6 6.f3 e5 7.d5 Nh5 8.Bd3 Qh4+
9.Qf2 Qxf2+ 10.Kxf2 Bxc3 11.bxc3 b6 12.a4 a5 13.Ne2 Nd7 14.Be3 Nhf6 15.g4 Nc5
16.Nc1 Ba6 17.Bxc5 bxc5 18.Nb3 Bc8 19.Ra2 Nd7 20.Nd2 Nb6 21.h4 Bd7 22.Bc2 f6
23.Rg1 Rab8 24.Ke3 Kf7 25.Kd3 Ke7 26.Nb1 Rf7 27.Nd2 Bc8 28.Nb1 Nxc4 29.Bb3 Rxb3
30.Kxc4 Rb6 31.Kd3 Ba6+ 32.Kc2 Rf8 33.Nd2 Rfb8 34.g5 Rf8 35.gxf6+ Kxf6 36.Nb3 Bc4
37.Rb2 Rfb8 38.Rgb1 h5 39.Nxa5 Bd3+ 40.Kxd3 Rxb2 41.Rxb2 Rxb2 42.Nc4 Ra2
43.a5 Ra4 44.Nb2 Rxa5 45.Ke3 Ra3 46.Nd1 g5 47.hxg5+ Kxg5 48.Kf2 Kf4 49.Kg2 h4
50.Kh3 Kxf3  0-1

[Event "ch-ROU 2013"]
[Site "Baile Olanesti ROU"]
[Date "2013.02.19"]
[Round "5.3"]
[White "Balla,Ta"]
[Black "Lupulescu,C"]
[Result "1/2-1/2"]
[WhiteElo "2366"]
[BlackElo "2612"]

1.d4 Nf6 2.c4 e6 3.Nc3 Bb4 4.Qc2 O-O 5.a3 Bxc3+ 6.Qxc3 Qe8 7.f3 d5 8.Bg5 Nbd7
9.e3 h6 10.Bh4 b6 11.cxd5 Nxd5 12.Qd2 Bb7 13.e4 Ne7 14.Bc4 c5 15.Rd1 Rc8
16.Ne2 Ng6 17.Bg3 cxd4 18.Qxd4 Nde5 19.Bxe5 Nxe5 20.Qxe5 Rxc4 21.O-O Ba6
22.Rf2 f6 23.Qd6 Rc8 24.Nf4 Rc6 25.Qb4 g5 26.Ne2 Rc4 27.Qd6 Rc8 28.Rd4 Bc4
29.h3 Qc6  1/2-1/2

[Event "ch-ROU w 2013"]
[Site "Baile Olanesti ROU"]
[Date "2013.02.20"]
[Round "5.15"]
[White "Nastase,Andreea-Cristina"]
[Black "Banciu,Bianca-Gabriela"]
[Result "1-0"]
[WhiteElo "1651"]
[BlackElo "1591"]

1.d4 Nf6 2.c4 e6 3.Nc3 Bb4 4.Qc2 O-O 5.Bg5 d6 6.e3 h6 7.Bh4 Nbd7 8.Bd3 d5
9.cxd5 exd5 10.Ne2 c6 11.O-O Re8 12.a3 Be7 13.Bg3 Nh5 14.Nxd5 Bxa3 15.Rxa3 Nxg3
16.Nxg3 cxd5 17.Rfa1 a6 18.Ne2 Nf6 19.Rc3 Ng4 20.h3 Nf6 21.Bb5 Re7 22.Rc1 Be6
23.Ba4 b5 24.Bb3 a5 25.Qd3 a4 26.Bd1 b4 27.Rc6 a3 28.bxa3 bxa3 29.Ra1 Qa5
30.Rc3 Rea7 31.Bc2 Bd7 32.Rb3 a2 33.Nc3 Qc7 34.Rb2 Ra3 35.Raxa2 Be8 36.Rxa3 Rxa3
37.Rb3 Ra1+ 38.Rb1 Ra3 39.Bb3 Qd6 40.Qc2 Ra8 41.Ba4 Bc6 42.Rb6 Bxa4 43.Nxa4 Qd8
44.Rb1 Qa5 45.Nb6 Rb8 46.Qc7 Re8 47.Nxd5 Qxd5 48.Re1 Qd8 49.Qc4 Ne4 50.f3 Nd6
51.Qd3 Re7 52.e4 Qb6 53.Rb1 Qa7 54.Kh1 Rb7 55.Rc1 Rb8 56.f4 Qb7 57.e5 Ne8
58.d5 Rd8 59.d6 Qd7 60.Qe3 Rc8 61.Ra1 Nxd6 62.Qd4 Rd8 63.Rd1 Kf8 64.Qb4 Qe7
65.exd6 Qd7 66.Kh2 Rc8 67.Qe4 f5 68.Qd5 Rd8 69.Rd2 Rc8 70.Re2 Re8 71.Rxe8+ Qxe8
72.Qxf5+ Kg8 73.d7 Qd8 74.Qe6+ Kf8 75.Kg3 Qb8 76.Kg4 Qd8 77.Kh5 Qa8 78.Qe8+ Qxe8+
79.dxe8=Q+ Kxe8 80.Kg6 Kf8 81.g4 Kg8 82.h4 Kf8 83.f5 Kg8 84.h5 Kh8 85.Kf7 Kh7
86.f6  1-0

[Event "e2e4 Brighton Masters 2013"]
[Site "Brighton ENG"]
[Date "2013.02.20"]
[Round "8"]
[White "Villegas,P"]
[Black "Duport,N SUI"]
[Result "1/2-1/2"]
[WhiteElo "2253"]
[BlackElo "2234"]

1.d4 Nf6 2.c4 e6 3.Nc3 Bb4 4.Qc2 O-O 5.a3 Bxc3+ 6.Qxc3 b6 7.Bg5 Bb7 8.e3 d6
9.Ne2 Nbd7 10.Qc2 c5 11.Rd1 Qc8 12.f3 h6 13.Bh4 d5 14.cxd5 Nxd5 15.Qd2 f5
16.Nc3 N7f6 17.Bxf6 Rxf6 18.Be2 cxd4 19.Qxd4 Nxc3 20.Rc1 Qd8 21.Qxc3 Rc8
22.Qd2 Rxc1+ 23.Qxc1 Rf7 24.O-O Rc7 25.Qd1 Qxd1 26.Rxd1 Kf7 27.Kf2  1/2-1/2

[Event "Moscow Gov Cup A Rapid"]
[Site "Moscow RUS"]
[Date "2013.02.20"]
[Round "7.9"]
[White "Romanko,M"]
[Black "Kolokolov,Yuriy"]
[Result "1-0"]
[WhiteElo "2349"]
[BlackElo "2038"]

1.d4 Nf6 2.c4 e6 3.Nc3 Bb4 4.Qc2 O-O 5.a3 Bxc3+ 6.Qxc3 d6 7.Bg5 Nbd7 8.e3 c5
9.dxc5 dxc5 10.Bd3 h6 11.Bh4 Qc7 12.Ne2 b6 13.O-O Bb7 14.Bg3 e5 15.f3 Rfe8
16.Qc2 Rad8 17.Nc3 Bc6 18.Rad1 Qb7 19.Be2 Nh5 20.Bh4 Nhf6 21.e4 g5 22.Bf2 Nf8
23.Nd5 Bxd5 24.cxd5 Re7 25.Bb5 Qb8 26.b4 cxb4 27.axb4 Ne8 28.Bxe8 Rdxe8 29.Rc1 Kg7
30.Rfd1 Qd6 31.b5 Rd7 32.Qa4 Qb8 33.Rc6 Ng6 34.Be3 Ne7 35.Bc1 Red8 36.Ba3 Nc8
37.Qc2 Nd6 38.Bxd6 Rxd6 39.Qc3 f6 40.Rc1 R6d7 41.Rc7 Kf7 42.Qc6 Rxc7 43.Qxc7+ Qxc7
44.Rxc7+ Kg6 45.Rxa7 f5 46.Re7 fxe4 47.fxe4 Rc8 48.Rxe5 Rc5 49.Re6+ Kf7 50.Rxb6 h5
51.h3 Rc4 52.Re6 Rb4 53.b6  1-0

[Event "Moscow Gov Cup A Rapid"]
[Site "Moscow RUS"]
[Date "2013.02.20"]
[Round "8.7"]
[White "Romanko,M"]
[Black "Odnorozhenko,E"]
[Result "1-0"]
[WhiteElo "2349"]
[BlackElo "2305"]

1.d4 Nf6 2.c4 e6 3.Nc3 Bb4 4.Qc2 O-O 5.a3 Bxc3+ 6.Qxc3 Ne4 7.Qc2 f5 8.e3 b6
9.Ne2 Bb7 10.f3 Nf6 11.Nc3 Nh5 12.Qf2 Nc6 13.b4 Qf6 14.f4 Qf7 15.Be2 Nf6
16.h3 Ne7 17.Bb2 Ne4 18.Nxe4 Bxe4 19.O-O d5 20.c5 c6 21.a4 Kh8 22.b5 Rfc8
23.Rfc1 Qe8 24.Ba3 Ng8 25.bxc6 Qxc6 26.Bb5 Qc7 27.Ba6 Rd8 28.c6 Nf6 29.Bb7 Rab8
30.a5 Bd3 31.axb6 axb6 32.Bb4 Ne4 33.Qh4 Nd6 34.Bxd6 Rxd6 35.Ra7 h6 36.Rca1 b5
37.Ba8 Rxc6 38.Bxc6 Qxc6 39.Qe7 Rg8 40.Rc7 Qe8 41.Qxe8 Rxe8 42.Raa7 Rg8 43.Rab7 Be4
44.Rxb5 Ra8 45.Rbb7 Ra1+ 46.Kh2 Ra2 47.Rxg7 h5 48.h4 Re2 49.Rgc7  1-0

[Event "ch-ROU 2013"]
[Site "Baile Olanesti ROU"]
[Date "2013.02.21"]
[Round "7.1"]
[White "Miron,L"]
[Black "Lupulescu,C"]
[Result "1/2-1/2"]
[WhiteElo "2526"]
[BlackElo "2612"]

1.d4 Nf6 2.c4 e6 3.Nc3 Bb4 4.Qc2 O-O 5.a3 Bxc3+ 6.Qxc3 d6 7.Bg5 Nbd7 8.e3 b6
9.Ne2 c5 10.Qc2 Qc7 11.Rd1 Ba6 12.Nc3 h6 13.Bh4 d5 14.cxd5 Bxf1 15.d6 Qxd6
16.Kxf1 Rac8 17.Qa4 cxd4 18.Rxd4 Qc7 19.Bxf6 Nxf6 20.Ke2 Rfd8 21.Rxd8+ Rxd8
22.h3 b5 23.Qb3 a6 24.Rd1 Rc8 25.Qb4 Qh2 26.Kf3 Qb8 27.Ke2 Qb7 28.Kf1 Rc4
29.Qd6 Rc8  1/2-1/2

[Event "ch-ROU 2013"]
[Site "Baile Olanesti ROU"]
[Date "2013.02.21"]
[Round "8.14"]
[White "Stegariu,V"]
[Black "Hajbok,R"]
[Result "0-1"]
[WhiteElo "2201"]
[BlackElo "2313"]

1.d4 Nf6 2.c4 e6 3.Nc3 Bb4 4.Qc2 O-O 5.a3 Bxc3+ 6.Qxc3 Qe8 7.Nf3 d6 8.b4 Nbd7
9.Bb2 Nb6 10.g3 Na4 11.Qc2 b5 12.cxb5 Qxb5 13.e3 Qh5 14.Be2 Nxb2 15.Qxb2 Bb7
16.Nh4 Qd5 17.Bf3 Ne4 18.O-O g5 19.Ng2 Qf5 20.Bxe4 Qxe4 21.f3 Qg6 22.Rac1 Rac8
23.Qc2 f5 24.Qd3 a6 25.Rc3 Rf7 26.Rfc1 Bxf3 27.Qxa6 Ra8 28.Qf1 Be4 29.Rxc7 Rxa3
30.Qb5 Ra8 31.Rc8+ Kg7 32.Rxa8 Bxa8 33.Qb8 Bxg2 34.Kxg2 f4 35.exf4 Qe4+ 36.Kh3 Qf5+
37.Kg2 Qd5+ 38.Kh3 gxf4 39.Qd8 h6 40.Qh4 f3 41.Qg4+ Kh7 42.Re1 Rf5 43.Kh4 f2
44.Rc1 f1=Q  0-1

[Event "TCh-SVK Extraliga 2012-13"]
[Site "Slovakia SVK"]
[Date "2013.03.01"]
[Round "9.3"]
[White "Neuman,P"]
[Black "Debnar,L"]
[Result "0-1"]
[WhiteElo "2471"]
[BlackElo "2291"]

1.d4 Nf6 2.c4 e6 3.Nc3 Bb4 4.Qc2 O-O 5.a3 Bxc3+ 6.Qxc3 d5 7.Nf3 dxc4 8.Qxc4 b6
9.Bf4 c5 10.dxc5 Ba6 11.Qa4 bxc5 12.b4 Qb6 13.bxc5 Qxc5 14.Rc1 Qb6 15.Be3 Qb7
16.g3 Nd5 17.Bg2 Nd7 18.Ng5 Rfc8 19.O-O Bxe2 20.Rfe1 Qb5 21.Rxc8+ Rxc8 22.Qxa7 Nxe3
23.Qxe3 Bh5 24.Ne4 Qa5 25.Rc1 Rd8 26.h4 Bg6 27.Nc5 Nxc5 28.Rxc5 Qa4 29.Kh2 h6
30.Rc3 Qd1 31.Bf3 Qf1 32.Rc1 Qb5 33.Rd1 Rc8 34.Kg2 Qb2 35.h5 Bb1 36.Rd7 Qf6
37.a4 Bf5 38.Qd2 Rc3 39.Qd4 Bh3+ 40.Kxh3 Qxf3 41.Qd2 Qh1+ 42.Kg4 f5+  0-1

[Event "TCh-SVK Extraliga 2012-13"]
[Site "Slovakia SVK"]
[Date "2013.03.03"]
[Round "11.1"]
[White "Srvatka,I"]
[Black "Antoniewski,R"]
[Result "0-1"]
[WhiteElo "2178"]
[BlackElo "2552"]

1.d4 Nf6 2.c4 e6 3.Nc3 Bb4 4.Qc2 O-O 5.a3 Bxc3+ 6.Qxc3 Qe8 7.f3 d5 8.e3 Nc6
9.b3 e5 10.dxe5 Qxe5 11.Qxe5 Nxe5 12.cxd5 Nxd5 13.e4 Nb6 14.Bb2 f6 15.Rc1 c6
16.a4 Be6 17.a5 Nbd7 18.b4 f5 19.f4 Ng4 20.a6 fxe4 21.axb7 Rab8 22.Rxc6 Bd5
23.Bc4 Bxc4 24.Rxc4 Rxb7 25.Rxe4 Ndf6 26.Bxf6 Nxf6 27.Rd4 Re8+ 28.Ne2 Rbe7
29.Rd2 Ne4 30.Rd3 Nc3 31.Rxc3 Rxe2+ 32.Kd1 Ra2 33.Rf1 Rd8+ 34.Ke1 Re8+ 35.Kd1 Rxg2
36.Ra3 Re7 37.h3 Rb7 38.Rb3 a5 39.Re1 Rxb4 40.Rxb4 axb4  0-1

[Event "ch-CRO w 2013"]
[Site "Rijeka CRO"]
[Date "2013.03.10"]
[Round "2"]
[White "Kruljac,P"]
[Black "Berke,A"]
[Result "1-0"]
[WhiteElo "2069"]
[BlackElo "2165"]

1.d4 Nf6 2.c4 e6 3.Nc3 Bb4 4.Qc2 O-O 5.a3 Bxc3+ 6.Qxc3 b5 7.e3 Bb7 8.f3 bxc4
9.Bxc4 Nd5 10.Qc2 f5 11.Nh3 Nb6 12.Bd3 a5 13.b3 Na6 14.O-O Rc8 15.Bd2 c5
16.Bxa5 cxd4 17.Qb2 Rc5 18.b4 Rd5 19.e4 Rd6 20.e5 Rd5 21.Nf4 Rxe5 22.Qxd4 Rxa5
23.bxa5 Na8 24.Rab1 Bc8 25.Qa7 N8c7 26.Rfc1 e5 27.Bxa6 Nxa6 28.Nd5 Re8 29.Nb6 Qg5
30.Nxc8 e4 31.fxe4 fxe4 32.Qxd7 Qe5 33.Nd6 Rf8 34.Rf1  1-0

[Event "UTD Turner GM Invitational 2013"]
[Site "Richardson USA"]
[Date "2013.03.11"]
[Round "6"]
[White "Almeida Saenz,A"]
[Black "Yang,Dar"]
[Result "0-1"]
[WhiteElo "2339"]
[BlackElo "2486"]

1.d4 Nf6 2.c4 e6 3.Nc3 Bb4 4.Qc2 O-O 5.e3 d5 6.Bd2 b6 7.Nf3 Bb7 8.cxd5 exd5
9.Bd3 Nbd7 10.O-O a6 11.Rac1 Re8 12.Bf5 Bd6 13.Rfd1 Ne4 14.Be1 Ndf6 15.a3 Qe7
16.Nd2 Ng5 17.Nf1 g6 18.Bd3 c5 19.dxc5 bxc5 20.Be2 Rac8 21.Qa4 Rcd8 22.b4 d4
23.bxc5 Bxc5 24.exd4 Bxa3 25.Rb1 Nfe4 26.Bxa6 Nxc3 27.Bxc3 Bxg2 28.Rd3 Be4
29.Re1 Qf6 30.Nd2 Bd6 31.Re2 Bc6 32.Qd1 Qf4 33.Rg3 Qh4 34.Rxe8+ Rxe8 35.d5 Bxd5
36.Nf1 Bxg3 37.Qxd5 Bxf2+ 38.Kg2 Qg4+ 39.Ng3 Bxg3 40.hxg3 Qh3+  0-1

[Event "UTD Turner GM Invitational 2013"]
[Site "Richardson USA"]
[Date "2013.03.11"]
[Round "6"]
[White "Hambleton,A"]
[Black "Breckenridge,S"]
[Result "0-1"]
[WhiteElo "2463"]
[BlackElo "2291"]

1.d4 Nf6 2.c4 e6 3.Nc3 Bb4 4.Qc2 O-O 5.a3 Bxc3+ 6.Qxc3 d6 7.f3 Nbd7 8.e4 e5
9.Be3 exd4 10.Bxd4 Qe7 11.Nh3 c5 12.Be3 b5 13.Nf4 Bb7 14.Rd1 Rfe8 15.Be2 bxc4
16.Bxc4 Bxe4 17.O-O Bc6 18.Rfe1 Ne5 19.Bf2 Qc7 20.Ba2 Rad8 21.Bh4 Ned7 22.Rxe8+ Rxe8
23.Qd2 Rb8 24.Qxd6 Qxd6 25.Rxd6 Rxb2 26.Bxf7+ Kxf7 27.Rxc6 Ra2 28.Rc7 Ke7
29.Rxa7 Kd6 30.Nd3 Rd2 31.Ra6+ Kd5 32.Nf4+ Kc4 33.Ne6 Nd5 34.Be1 Re2 35.Kf1 Ra2
36.Ra4+ Kb5 37.Re4 Rxa3 38.Nxg7 N7f6 39.Re2 c4 40.Nf5 c3 41.g3 Kc4 42.Nd6+ Kd3
43.Nf7 Ne3+ 44.Kf2 Nd1+ 45.Kf1 Ne3+ 46.Kf2 Nd1+ 47.Kf1 Nd5 48.Ne5+ Kd4 49.Re4+ Kc5
50.Rc4+ Kd6 51.Rxc3 N1e3+ 52.Ke2 Nxc3+  0-1

[Event "ch-CRO w 2013"]
[Site "Rijeka CRO"]
[Date "2013.03.13"]
[Round "6"]
[White "Medic,Mir"]
[Black "Franciskovic,B"]
[Result "1-0"]
[WhiteElo "2184"]
[BlackElo "2245"]

1.d4 Nf6 2.c4 e6 3.Nc3 Bb4 4.Qc2 O-O 5.a3 Bxc3+ 6.Qxc3 d5 7.cxd5 Ne4 8.Qc2 exd5
9.Bf4 Nc6 10.e3 Bf5 11.Bd3 Re8 12.Ne2 Qf6 13.O-O Rac8 14.Rad1 Nd6 15.Bxf5 Nxf5
16.Qb3 Qe6 17.Nc3 Red8 18.Qxb7 Rb8 19.Qa6 Rxb2 20.Na4 Ra2 21.Nc5 Qg6 22.Rde1 Re8
23.Bxc7 h5 24.Qd3 Nh4 25.Qxg6 Nxg6 26.Ra1 Rxa1 27.Rxa1 Rc8 28.Bd6 Nh4 29.Nd3 Nf5
30.Bc5 a6 31.Rb1 g5 32.h3 a5 33.Rb7 Ng7 34.Rd7 Rb8 35.Rxd5 Rb1+ 36.Kh2 Rb3
37.Ne5 Nxe5 38.Rxe5 f6 39.Rd5 h4 40.g3 hxg3+ 41.Kxg3 Kf7 42.h4 gxh4+ 43.Kxh4 Ne6
44.Bd6 Rd3 45.a4 Kg6 46.Kg4 Rd2 47.Bg3 Ng5 48.Rxa5 Ne4 49.Kf3 Nc3 50.Ra6  1-0

[Event "30th Ciocaltea Mem 2013"]
[Site "Bucharest ROU"]
[Date "2013.03.15"]
[Round "1.5"]
[White "Georgescu,T"]
[Black "Castellanos Rodriguez,R"]
[Result "1/2-1/2"]
[WhiteElo "2367"]
[BlackElo "2529"]

1.d4 Nf6 2.c4 e6 3.Nc3 Bb4 4.Qc2 O-O 5.e4 d5 6.e5 Ne4 7.Bd3 c5 8.Ne2 cxd4
9.Nxd4 Nd7 10.Bf4 Ndc5 11.O-O Bxc3 12.bxc3 Nxd3 13.Qxd3 b6 14.cxd5 exd5 15.Rfd1 Qd7
16.Rac1 Qa4 17.c4 Ba6 18.Nf5 Bxc4 19.Qh3 Qxa2 20.f3 Qf2+ 21.Kh1 Be2 22.Rd2 Bxf3
23.Qxf3 Qxf3 24.gxf3 Nxd2 25.Bxd2 d4 26.Rg1 g6 27.Ne7+ Kg7 28.Nf5+ Kg8 29.Ne7+ Kg7
30.Nf5+  1/2-1/2

[Event "ch-CRO w 2013"]
[Site "Rijeka CRO"]
[Date "2013.03.15"]
[Round "8"]
[White "Medic,Mir"]
[Black "Berke,A"]
[Result "1/2-1/2"]
[WhiteElo "2184"]
[BlackElo "2165"]

1.d4 Nf6 2.c4 e6 3.Nc3 Bb4 4.Qc2 O-O 5.a3 Bxc3+ 6.Qxc3 b5 7.cxb5 c6 8.Bg5 cxb5
9.Nf3 Bb7 10.e3 a6 11.Be2 h6 12.Bxf6 Qxf6 13.O-O Nc6 14.Rfc1 Rfc8 15.Qd2 Qd8
16.b4 Ne7 17.Ne1 Rxc1 18.Rxc1 Rc8 19.Nd3 d6 20.Nb2  1/2-1/2

[Event "13th European Seniors"]
[Site "Plovdiv BUL"]
[Date "2013.03.16"]
[Round "6"]
[White "Bogdanov,Val"]
[Black "Henrichsen,Erland"]
[Result "1-0"]
[WhiteElo "2388"]
[BlackElo "1937"]

1.d4 Nf6 2.c4 e6 3.Nc3 Bb4 4.Qc2 O-O 5.e4 d6 6.Ne2 e5 7.d5 h6 8.a3 Bxc3+
9.Nxc3 Nh7 10.Bd3 Nd7 11.b4 Ng5 12.O-O a5 13.Rb1 axb4 14.axb4 f6 15.Be3 b6
16.Ra1 Bb7 17.Rxa8 Qxa8 18.Qb2 Nf7 19.Ra1 Qc8 20.Ra7 Nd8 21.Qa3 Re8 22.c5 bxc5
23.bxc5 dxc5 24.Na4 f5 25.Nxc5 fxe4 26.Bb5 c6 27.dxc6 Bxc6 28.Bxc6 Qxc6 29.Rxd7 Ne6
30.Qb3 Kh7 31.Qb7 Rc8 32.Qxc6 Rxc6 33.Nxe6 Rxe6 34.g4 Kg6 35.Kg2 Kf6 36.h4 Re8
37.Rd6+ Kf7 38.Ra6 Re7 39.h5 Re8 40.Ra4 Kf6  1-0

[Event "Women Star Rapid 2013"]
[Site "Huashan City CHN"]
[Date "2013.03.17"]
[Round "1.4"]
[White "Cmilyte,V"]
[Black "Harika,D"]
[Result "1-0"]
[WhiteElo "2514"]
[BlackElo "2510"]

1.d4 Nf6 2.c4 e6 3.Nc3 Bb4 4.Qc2 O-O 5.Nf3 d5 6.a3 Bxc3+ 7.Qxc3 dxc4 8.Qxc4 b6
9.Bg5 Ba6 10.Qa4 h6 11.Bh4 Bb7 12.Rd1 Nbd7 13.e3 Qe8 14.Bb5 a6 15.Bc6 Bxc6
16.Qxc6 Rc8 17.Bxf6 Nxf6 18.Ne5 Nd5 19.Rc1 Ne7 20.Qxe8 Rfxe8 21.b4 f6 22.Nc6 Ra8
23.Nxe7+ Rxe7 24.Ke2 Kf8 25.Rc3 a5 26.b5 Ke8 27.Rhc1 Kd8 28.a4 Kc8 29.g4 Kb7
30.h4 Rd8 31.Rc4 h5 32.g5 fxg5 33.hxg5 g6 34.f4 Rf8 35.Kf3 Kb8 36.Rc6 Rf5
37.Rd1 Kb7 38.Kg3 Rf8 39.Rd3 Rg8 40.Kf3 Rf8 41.Rd2 Rfe8 42.Rd3 Rf8 43.Kg3 Rg8
44.Kf2 Rgg7 45.d5 exd5 46.Rxd5 Rg8 47.Rd4 h4 48.Rd1 Rgg7 49.Rh1 Re4 50.Rxh4 Rxa4
51.Rh6 Rb4 52.Rhxg6 Rd7 53.Rgf6 a4 54.g6 Rxb5 55.Rc1 a3 56.Ra1 Rb2+ 57.Kf3 Rb3
58.Rf7 Rdd3 59.Re7 Rd8 60.f5 Rc3 61.g7 b5 62.Rf7 Re8 63.Rf8 Rexe3+ 64.Kf4 Rf3+
65.Ke5 Rc5+ 66.Ke4 Rg3 67.g8=Q Rxg8 68.Rxg8 b4 69.f6 Rc4+ 70.Ke5 Rc5+ 71.Ke6 Rc6+
72.Ke7 Rxf6 73.Kxf6 c5 74.Ke5 Kc6 75.Rc8+ Kb5 76.Kd5  1-0

[Event "3rd HD Bank Cup 2013"]
[Site "Ho Chi Minh City VIE"]
[Date "2013.03.20"]
[Round "3.12"]
[White "Zhou Jianchao"]
[Black "Cao,S"]
[Result "1-0"]
[WhiteElo "2595"]
[BlackElo "2492"]

1.d4 Nf6 2.c4 e6 3.Nc3 Bb4 4.Qc2 O-O 5.a3 Bxc3+ 6.Qxc3 b6 7.Bg5 h6 8.Bh4 Ba6
9.e3 d6 10.Bd3 Nbd7 11.Ne2 c5 12.Qc2 Rc8 13.Qa4 Bb7 14.O-O Bc6 15.Qd1 Qc7
16.b4 Rfd8 17.Nc3 Re8 18.Bg3 cxd4 19.exd4 Qb8 20.Re1 a6 21.Bf1 Bb7 22.Ra2 Red8
23.Rd2 Nf8 24.c5 Qa7 25.Na4 bxc5 26.dxc5 Ne4 27.Rxe4 Bxe4 28.Rxd6 Rxd6 29.Qxd6 Rc6
30.Qd4 Bf5 31.Nb6 Ng6 32.a4 Kh7 33.Bd6 e5 34.Qe3 Qb7 35.a5 f6 36.b5 axb5
37.Bxb5 Rxd6 38.cxd6 Nf4 39.Bf1 Qc6 40.a6 Qxd6 41.a7 Qd1 42.a8=Q Bd3 43.Qxd3+  1-0

[Event "3rd HD Bank Cup 2013"]
[Site "Ho Chi Minh City VIE"]
[Date "2013.03.20"]
[Round "3.20"]
[White "Lou Yiping"]
[Black "Zhai Mo"]
[Result "1/2-1/2"]
[WhiteElo "2475"]
[BlackElo "2249"]

1.d4 Nf6 2.c4 e6 3.Nc3 Bb4 4.Qc2 O-O 5.a3 Bxc3+ 6.Qxc3 Qe8 7.g3 d6 8.Bg2 Nbd7
9.Nf3 e5 10.dxe5 dxe5 11.O-O h6 12.b3 Qe6 13.Bb2 Re8 14.Nd2 Nc5 15.Qe3 Qb6
16.h3 a5 17.Bc3 Ncd7 18.Qxb6 Nxb6 19.c5 Nbd5 20.Bb2 e4 21.e3 Bd7 22.Rfd1 Bc6
23.Rac1 Rad8 24.Nc4 a4 25.b4 Bb5 26.Bf1 Bxc4 27.Bxc4 c6 28.b5 Ra8 29.Bd4 Red8
30.Rb1 Rd7 31.Rd2 Kf8 32.Be5 Re8 33.Bd6+ Kg8 34.bxc6 bxc6 35.Ba6 Nc3 36.Rb6 Red8
37.Rxc6 Nb1 38.Rb2 Nxa3 39.Rcb6 Ne8 40.Rd2 f6 41.Be2 Nxd6 42.cxd6 Rc8 43.Bg4 Rc1+
44.Kg2 Rd8 45.Be6+ Kh8 46.d7 Nc2 47.h4 h5 48.Rd5 g5 49.g4 Ne1+ 50.Kh3 Nf3
51.gxh5 Rh1+ 52.Kg4 Nxh4 53.h6 Kh7 54.Bf5+ Kxh6 55.Bxe4 Rg1+ 56.Kh3 a3 57.Rxf6+ Kg7
58.Kh2 a2 59.Ra6 a1=Q 60.Rxa1 Rxa1 61.Rxg5+ Kf6 62.Rh5 Rxd7 63.Rxh4 Ra2 64.Kg3 Ke5
65.Bf3 Rg7+ 66.Bg4 Ra4 67.f3 Ra3 68.Rh5+ Kd6 69.Kf4 Rg6 70.Rb5 Rf6+ 71.Bf5 Kc6
72.Re5 Kd6 73.Re8 Rf7 74.e4 Re7 75.Rd8+ Kc5 76.Rd5+ Kc6 77.Rd2 Rc3 78.Rd8 Ra3
79.Rd1 Kc5 80.Bg4 Ra4 81.Kf5 Rd4 82.Ra1 Rd8 83.Rc1+ Kd6 84.Kf4 Rf8+ 85.Bf5 Ra7
86.Rd1+ Ke7 87.Rd4 Ra5 88.Rd7+ Ke8 89.Rb7 Rfxf5+ 90.exf5 Kf8 91.Kg5 Ra6 92.Rb4 Kf7
93.f4 Kf8 94.Rb8+ Kf7 95.Rh8 Ra1 96.Rh7+ Kg8 97.Re7 Ra6 98.Re6 Ra7 99.Rg6+ Kf7
100.Rf6+ Kg7 101.Rh6 Ra5 102.Re6 Kf7 103.Re5 Ra1 104.f6 Rg1+ 105.Kf5 Ra1
106.Re7+ Kf8 107.Rd7 Rb1 108.Rd5 Kf7 109.Rd7+ Kf8 110.Rd4 Kf7 111.Rd5 Ra1
112.Rd7+ Kf8 113.Rh7 Rb1 114.f7 Rb5+ 115.Kf6 Rb6+ 116.Kg5 Ra6 117.f5 Rb6
118.Kf4 Ra6 119.Ke4  1/2-1/2

[Event "30th Ciocaltea Mem 2013"]
[Site "Bucharest ROU"]
[Date "2013.03.22"]
[Round "8.3"]
[White "Shishkin,Va UKR"]
[Black "Castellanos Rodriguez,R"]
[Result "1/2-1/2"]
[WhiteElo "2488"]
[BlackElo "2529"]

1.d4 Nf6 2.c4 e6 3.Nc3 Bb4 4.Qc2 O-O 5.a3 Bxc3+ 6.Qxc3 d6 7.Bg5 Nbd7 8.e3 b6
9.Bd3 Bb7 10.Nf3 Rc8 11.O-O  1/2-1/2

[Event "TCh-CZE Extraliga 2012-13"]
[Site "Czech Republic CZE"]
[Date "2013.03.23"]
[Round "7.5"]
[White "Neuman,P"]
[Black "Kuchynka,Luk"]
[Result "1-0"]
[WhiteElo "2471"]
[BlackElo "2310"]

1.d4 Nf6 2.c4 e6 3.Nc3 Bb4 4.Qc2 O-O 5.a3 Bxc3+ 6.Qxc3 b6 7.Bg5 Bb7 8.e3 d6
9.Ne2 Nbd7 10.Qd3 h6 11.Bh4 Qe7 12.Nc3 c5 13.Rd1 Rfd8 14.d5 Ne5 15.Qc2 Ng6
16.Bg3 exd5 17.cxd5 Nh5 18.Be2 Nxg3 19.hxg3 a6 20.a4 Bc8 21.O-O Bd7 22.e4 Qe8
23.f4 b5 24.axb5 axb5 25.e5 dxe5 26.f5 Nf8 27.f6 g6 28.Qd2 Kh7 29.Ne4 Bf5
30.Kf2 Bxe4 31.Rh1 h5 32.Bxh5 Rxd5 33.Bf3+  1-0

[Event "TCh-BEL 2012-13"]
[Site "Buellingen BEL"]
[Date "2013.03.24"]
[Round "11.8"]
[White "Di Cosmo,J"]
[Black "Zelbel,P"]
[Result "0-1"]
[WhiteElo "2009"]
[BlackElo "2368"]

1.d4 Nf6 2.c4 e6 3.Nc3 Bb4 4.Qc2 O-O 5.a3 Bxc3+ 6.Qxc3 b6 7.f3 c5 8.dxc5 bxc5
9.e3 a5 10.Bd3 Nc6 11.Nh3 Ba6 12.Nf2 Qb6 13.Ne4 Nxe4 14.Bxe4 f5 15.Bc2 d5
16.cxd5 exd5 17.Qb3 Qd8 18.Qa4 Nd4 19.Kf2 Bb5  0-1

[Event "TCh-BEL 2012-13"]
[Site "Buellingen BEL"]
[Date "2013.03.24"]
[Round "11.3"]
[White "Illner,A"]
[Black "Saiboulatov,D"]
[Result "1-0"]
[WhiteElo "2459"]
[BlackElo "2380"]

1.d4 e6 2.c4 Bb4+ 3.Nc3 Nf6 4.Qc2 O-O 5.Nf3 c5 6.dxc5 Na6 7.g3 Nxc5 8.Bg2 Nce4
9.O-O Nxc3 10.bxc3 Be7 11.e4 d6 12.e5 dxe5 13.Nxe5 Qa5 14.Qe2 Nd7 15.Nxd7 Bxd7
16.Bxb7 Rab8 17.Be4 Qxc3 18.Be3 Rb2 19.Qd1 Rd8 20.Bd4 Qxc4 21.Bxb2 Qxe4 22.Qd4 Qxd4
23.Bxd4 Bb5 24.Rfb1 a6 25.Be3 e5 26.a4 Bd3 27.Rb7 Bf8 28.Rd1 e4 29.f3 Re8
30.Kf2 Bc2 31.Rd4 f5 32.Rc7 Bb3 33.fxe4 fxe4 34.Rb7 Bc2 35.a5 Be7 36.Rdd7 Bf6
37.Bd4 Ba4 38.Rxg7+ Bxg7 39.Rxg7+ Kf8 40.Rxh7 Rd8  1-0

[Event "O2C Doeberl Cup Premier 2013"]
[Site "Canberra AUS"]
[Date "2013.03.29"]
[Round "3.4"]
[White "Li,Zuhao Luke"]
[Black "Zhao Zong Yuan"]
[Result "1/2-1/2"]
[WhiteElo "2285"]
[BlackElo "2537"]

1.d4 Nf6 2.c4 e6 3.Nc3 Bb4 4.Qc2 O-O 5.a3 Bxc3+ 6.Qxc3 d6 7.f3 d5 8.cxd5 Nxd5
9.Qd3 b6 10.e4 Ba6 11.Qc2 Bxf1 12.Kxf1 Ne7 13.Ne2 c5 14.dxc5 Nd7 15.Be3 Nxc5
16.Bxc5 bxc5 17.Kf2 Qb6 18.Rhd1 Rab8 19.Rac1 Rfc8 20.Kf1 h6 21.Rd7 Ng6 22.b4 cxb4
23.Qxc8+ Rxc8 24.Rxc8+ Kh7 25.axb4 Nf4 26.Nxf4 Qa6+ 27.Ne2 Qxc8 28.Rxa7 f6
29.Re7 Kg8 30.b5 Kf8 31.Ra7 Qc5 32.Rb7 e5 33.h3 Qc8 34.Rb6 Qc5 35.Rb7 h5
36.h4 Qc8 37.Rb6 Qc5 38.Rb7 Kg8 39.Ke1 Qe3 40.Rd7 g5 41.hxg5 fxg5 42.Rd5 g4
43.Rxe5 gxf3 44.gxf3 Qxf3 45.b6 Qh1+ 46.Kd2 Qb1  1/2-1/2

[Event "e2e4 Dublin Masters"]
[Site "Dublin IRL"]
[Date "2013.03.29"]
[Round "2"]
[White "Braun,A"]
[Black "McMahon,D"]
[Result "1-0"]
[WhiteElo "2556"]
[BlackElo "2150"]

1.d4 Nf6 2.c4 e6 3.Nc3 Bb4 4.Qc2 O-O 5.a3 Bxc3+ 6.Qxc3 b6 7.Bg5 Bb7 8.e3 h6
9.Bh4 d6 10.f3 Nbd7 11.e4 c5 12.Bd3 Re8 13.Ne2 e5 14.dxe5 dxe5 15.O-O-O Qe7
16.Bc2 Bc6 17.Ng3 g6 18.Nf1 Nf8 19.Ne3 Kh7 20.Rd2 Rac8 21.Re1 Qe6 22.Red1 Qe7
23.Rd6 N8d7 24.Qe1 g5 25.Bg3 Qf8 26.h4 Re6 27.Nf5 Rce8 28.hxg5 hxg5 29.Bh4 gxh4
30.Qxh4+ Kg8 31.Rh1  1-0

[Event "7th Philadelphia Open"]
[Site "Philadelphia USA"]
[Date "2013.03.29"]
[Round "5"]
[White "Lenderman,A"]
[Black "D'Costa,L"]
[Result "1/2-1/2"]
[WhiteElo "2601"]
[BlackElo "2416"]

1.d4 Nf6 2.c4 e6 3.Nc3 Bb4 4.Qc2 O-O 5.e4 d5 6.e5 Ne4 7.Bd3 c5 8.Ne2 cxd4
9.Nxd4 Nd7 10.Bf4 Ndc5 11.O-O Bxc3 12.bxc3 Bd7 13.Be2 Qa5 14.Rac1 Na4 15.cxd5 exd5
16.f3 Nec5 17.Nb3 Qc7 18.Bg3 Qc6 19.Bf2 Rac8 20.Bd4 Qg6 21.Qd2 b6 22.Rfe1 Rfd8
23.Bf1 Bf5 24.Red1 Rc7 25.Kh1 h6 26.g4 Bc8 27.h3 Nxb3 28.axb3 Nc5 29.Bxc5 bxc5
30.f4 Bb7 31.f5 Qb6 32.Kh2 Re7 33.Qf4 Qc7 34.Bg2 f6 35.Qg3 Qxe5 36.Re1 Qxg3+
37.Kxg3 Rde8 38.Rxe7 Rxe7 39.Ra1 a6 40.Kf2 d4 41.Bxb7 Rxb7 42.cxd4 cxd4 43.Rxa6 Rxb3
44.Rd6 Rxh3 45.Rxd4 h5 46.Kg2 hxg4 47.Rxg4 Rh5 48.Rf4 Kh7 49.Kg3 Kh6 50.Kg4 Rg5+
51.Kh4 Rg1 52.Re4 g5+ 53.fxg6 Kxg6 54.Rg4+ Rxg4+ 55.Kxg4  1/2-1/2

[Event "ch-Moscow w 2013"]
[Site "Moscow RUS"]
[Date "2013.03.31"]
[Round "9.3"]
[White "Skakun,V"]
[Black "Charochkina,D"]
[Result "0-1"]
[WhiteElo "1922"]
[BlackElo "2322"]

1.d4 Nf6 2.c4 e6 3.Nc3 Bb4 4.Qc2 O-O 5.a3 Bxc3+ 6.Qxc3 Qe8 7.Nf3 d6 8.b4 a5
9.Bb2 Ne4 10.Qc2 f5 11.e3 Qg6 12.Nd2 b6 13.f3 Nf6 14.e4 Bb7 15.exf5 exf5
16.O-O-O axb4 17.axb4 b5 18.Bd3 bxc4 19.Bxf5 Qf7 20.Rhe1 Bd5 21.Ne4 Nc6 22.Nxf6+ Qxf6
23.Bxh7+ Kh8 24.Qg6 Qh4 25.Re4 Qxh7  0-1

[Event "17th Neckar Open"]
[Site "Deizisau GER"]
[Date "2013.04.01"]
[Round "9.14"]
[White "Kaczmarczyk,D"]
[Black "Sanikidze,T"]
[Result "0-1"]
[WhiteElo "2311"]
[BlackElo "2559"]

1.d4 Nf6 2.c4 e6 3.Nc3 Bb4 4.Qc2 O-O 5.e4 d5 6.e5 Ne4 7.Bd3 c5 8.Ne2 cxd4
9.Nxd4 Nd7 10.Bf4 Ndc5 11.O-O Bxc3 12.bxc3 Bd7 13.Rac1 Ba4 14.Qe2 Nxd3 15.Qxd3 Rc8
16.cxd5 Qxd5 17.Rfe1 Nc5 18.Qg3 Kh8 19.Re3 Ne4 20.Qh4 Qxd4 21.Bh6 f5 22.exf6 gxh6
23.Rxe4 Qd2 24.Rce1 Bd7  0-1